En torno a Shakespeare / (Record no. 11752)

MARC details
000 -LEADER
campo de control de longitud fija 00961nam a22002655i 4500
001 - NÚMERO DE CONTROL
campo de control 11752
003 - IDENTIFICADOR DE NÚMERO DE CONTROL
campo de control ES-MaACL
005 - FECHA Y HORA DE LA ÚLTIMA TRANSACCIÓN
campo de control 20240507111646.0
007 - CAMPO FIJO DE DESCRIPCIÓN FÍSICA--INFORMACIÓN GENERAL
campo de control de longitud fija t|
008 - DATOS DE LONGITUD FIJA--INFORMACIÓN GENERAL
campo de control de longitud fija 890421m19801992sp ||||0| spa j
016 7# - NÚMERO DE CONTROL DE UNA AGENCIA BIBLIOGRÁFICA NACIONAL
Número de control cancelado/no válido SAB9000048393
-- BNE19930401612
-- SIC92028593
020 ## - NÚMERO INTERNACIONAL ESTÁNDAR DEL LIBRO
Número Internacional Estándar del Libro 84-370-0150-1
040 ## - FUENTE DE CATALOGACIÓN
Centro catalogador/agencia de origen M-BN-DP
Lengua de catalogación spa
Centro/agencia transcriptor M-BN-DP
080 ## - NÚMERO DE LA CLASIFICACIÓN DECIMAL UNIVERSAL
Número de la Clasificación Decimal Universal 820 Shakespeare, William 1.06
245 00 - MENCIÓN DEL TÍTULO
Título En torno a Shakespeare /
Mención de responsabilidad, etc. editado por Manuel Angel Conejero.
260 ## - PUBLICACIÓN, DISTRIBUCIÓN, ETC.
Lugar de publicación, distribución, etc. Valencia :
Nombre del editor, distribuidor, etc. Instituto Shakespeare,
Fecha de publicación, distribución, etc. D.L. 1980-1992.
300 ## - DESCRIPCIÓN FÍSICA
Extensión 4 v. ;
Dimensiones 21 cm.
500 ## - NOTA GENERAL
Nota general Vols. numerados: [I], II, III y IV-V.
500 ## - NOTA GENERAL
Nota general Tít. del vol. I: Homenaje a T.J.B. Spencer.
600 14 - PUNTO DE ACCESO ADICIONAL DE MATERIA--NOMBRE DE PERSONA
Nombre de persona Shakespeare, William,
Fechas asociadas al nombre 1564-1616-
Subdivisión general Crítica e interpretación
9 (RLIN) 105993
700 1# - ENTRADA AGREGADA--NOMBRE PERSONAL
Nombre de persona Conejero Dionís-Bayer, Manuel Angel.
9 (RLIN) 40155
710 2# - ENTRADA AGREGADA--NOMBRE DE ENTIDAD CORPORATIVA
Nombre de entidad corporativa o nombre de jurisdicción como elemento de entrada Universidad de Valencia.
Unidad subordinada Instituto Shakespeare.
9 (RLIN) 7330
852 ## - LOCALIZACIÓN
Ubicación ES-MaACL
Número de control de estantería L-19047-50
Sublocalización o colección R.125094
Holdings
Estatus retirado Estado de pérdida Estado de daño No para préstamo Biblioteca de origen Biblioteca actual Ubicación en estantería Fecha de adquisición Fuente de adquisición Total de préstamos Signatura topográfica completa Código de barras Visto por última vez Precio de reemplazo Tipo de ítem Koha
        Biblioteca del Ateneo de Madrid Biblioteca del Ateneo de Madrid Depósito 2 17/01/2008     L-19047-50 1011977 23/02/2023 23/02/2023 Libro impreso